Hiệu quả của Chlorine và Ozone trong xử lý và bảo quản rau muống sau thu hoạch : Luận văn thạc sĩ Khoa học. Chuyên ngành: Công nghệ thực phẩm

Xác định nồng độ ozone (hoặc chlorine) và thời gian ngâm nhằm hạn chế mật số coliforms và E. coli trong quá trình bảo quản rau muống. Xác định nhiệt độ và tỉ lệ đục lỗ thích hợp trên bao bì PP cho quá trình bảo quản rau muống....

全面介绍

Đã lưu trong:
书目详细资料
主要作者: Lê, Trí Ân
格式: 图书
语言:Undetermined
出版: Cần Thơ Trường Đại học Cần Thơ 2012
主题:
标签: 添加标签
没有标签, 成为第一个标记此记录!
Thư viện lưu trữ: Trung tâm Học liệu Trường Đại học Cần Thơ
LEADER 01266nam a2200229Ia 4500
001 CTU_178084
008 210402s9999 xx 000 0 und d
082 |a 664.86 
082 |b Â121 
088 |a 60540101 
100 |a Lê, Trí Ân 
245 0 |a Hiệu quả của Chlorine và Ozone trong xử lý và bảo quản rau muống sau thu hoạch : 
245 0 |b Luận văn thạc sĩ Khoa học. Chuyên ngành: Công nghệ thực phẩm 
245 0 |c Lê Trí Ân ; Lý Nguyễn Bình (Người hướng dẫn Khoa học) 
260 |a Cần Thơ 
260 |b Trường Đại học Cần Thơ 
260 |c 2012 
520 |a Xác định nồng độ ozone (hoặc chlorine) và thời gian ngâm nhằm hạn chế mật số coliforms và E. coli trong quá trình bảo quản rau muống. Xác định nhiệt độ và tỉ lệ đục lỗ thích hợp trên bao bì PP cho quá trình bảo quản rau muống. 
650 |a Vegetables,Vegetables,Rau cải,Rau 
650 |x Preservation,Effect of ozone on,Sự bảo quản,Ảnh hưởng của chất ôzôn 
904 |i Năm 
980 |a Trung tâm Học liệu Trường Đại học Cần Thơ